Регионална библиотека "Любен Каравелов" - Русе

Под блясъка на западните звезди (Запис номер 10896)

MARC детайли
000 -Лидер
Контролно поле с фиксирана дължина 01262nam a2200325 c 4500
003 - Код на организацията, давaща контролен номер
Контролно поле BLK
005 - Дата и час на последна редакция
Контролно поле 20180420214605.0
008 - Елементи от данни с фиксирана дължина
fixed length control field 180412b bul|||||r ||||||| ||bul||
010 ## - Наследен системен номер
LC control number KNG00012410000
040 ## - Източник на каталожния запис
Идентификатор на билиотеката - собственик на записа BLK
041 ## - Код за език
Код за езика на текст/звукозапис или на отделно заглавие Български
Код за езика КДБФ Български
080 ## - УДК
Текстов определител УДК Американска литература (на САЩ)
УДК код - определител по УДК 821.111(73)
УДК определител -31
УДК - код + определител 821.111(73)-31
100 1# - Редна дума - Автор
Автор Грей, Зейн
Авторска отговорност първи автор
R(LIN) 255961
139 ## - Редно поле
Редна дума Грей, Зейн
Авторски знак Гре - Г 79
245 10 - Сведения за заглавието
Заглавие Под блясъка на западните звезди
Подзаглавни данни Роман
Редно поле (дума) Зейн Грей; прев. от англ. Кристалина Аврамова.
257 ## - Страна на издаване
Страна на създаване/издаване Съединени американски щати
260 ## - Област на издателските данни
-- София
Име на издателя, разпространителя и проч. Орион
Година на издаване 1996
300 ## - Физическа характеристика
Страници 200 с.
Размери/Мащаб 20 см
380 ## - Жанр
Жанр Худож. лит.
490 1# - СЕРИИ (Колекции)
Име на серия Световна библиотека
490 1# - СЕРИИ (Колекции)
-- Подсерия
Име на серия Поредица Избрани приключенски романи
500 ## - Общи забележки
Забележка Без сведение за ориг. загл. - 2 000 тир.
653 ## - Ключова дума – ненормативна
Ключова дума романи
700 1# - Други автори (авторска отговорност)
Лично име Аврамова, Кристалина
Автороска отговорност (Описва отношението между автора и произведението) прев. от англ.
9 (RLIN) 255962
852 ## - Местоположение
Форматна сигнатура Цб 188025
856 4# - Електронен адрес и достъп
Електронен формат pdf - файл
Път до файла /url/
856 4# - Електронен адрес и достъп
Електронен формат pdf - файл
Път до файла /url/
942 ## - АРТИКУЛИ
Вид на библиотечния материал Книги
Скрит в OPAC Не
944 ## - СЪЗДАВАНЕ И РЕДАКЦИЯ на ЗАПИСА
Създаване/Редакция Създаване
Дата на регистрацията/редакция 15.01.2003
Статус, дата на статуса ф /
Служител, извършил регистрацията/редакцията Людмила_Стоянова
944 ## - СЪЗДАВАНЕ И РЕДАКЦИЯ на ЗАПИСА
Създаване/Редакция Редакция
Дата на регистрацията/редакция 19.10.2009
Статус, дата на статуса ф /
Служител, извършил регистрацията/редакцията
999 ## - СИСТЕМНИ КОНТРОЛНИ НОМЕРА
Koha biblionumber 10896
Koha biblioitemnumber 10896
Наличности
Код за отписване Код за изгубен артикул Източник на класификационната схема Код за повреда Коз за рестрикции Код за отдаване Артикулен № Име на библиотеката - собственик Име на библиотеката, в която се намира в момента Статус (Текущо местоположение) Дата на вписване в системата Местоположение - отдел Цена в лева Инвентарен номер Систематично азбучна сигнатура Баркод Номер на екземпляра Цена в евро Служебна бележка Служебен тип на артикула
  Не е изгубен Universal Decimal Classification Не е повреден без рестрикции ползва се в читалня 18919 Регионална библиотека "Любен Каравелов" Русе Регионална библиотека "Любен Каравелов" Русе Хранилище 2001-01-01 Хранилище 0.54 622766 Цб 188025 120000622766 1 0.28 Дост: Dp Вид: Д N: стар фонд Дата: 01.01.1996 Книги
Изтеглен Не е изгубен Universal Decimal Classification Не е повреден без рестрикции заемане за дома 18920 Регионална библиотека "Любен Каравелов" Русе Регионална библиотека "Любен Каравелов" Русе Заемна - подръчен фонд 2001-01-01 Заемна - подръчен фонд 0.54 620745 П 820(73)-31/Г 79 620745 2 0.28 Дост: Pk Вид: Ф N: стар фонд Дата: 01.01.1996 Книги
Изтеглен Не е изгубен Universal Decimal Classification Не е повреден без рестрикции заемане за дома 18921 Регионална библиотека "Любен Каравелов" Русе Регионална библиотека "Любен Каравелов" Русе Заемна - подръчен фонд 2001-01-01 Заемна - подръчен фонд 0.54 620746 П 820(73)-31/Г 79 620746 3 0.28 Дост: Pk Вид: Ф N: стар фонд Дата: 01.01.1996 Книги
Изтеглен Не е изгубен Universal Decimal Classification Не е повреден без рестрикции заемане за дома 18922 Регионална библиотека "Любен Каравелов" Русе Регионална библиотека "Любен Каравелов" Русе Детски отдел 2001-01-01 Детски отдел 90.00 632632 ДХ 820/899/Г 79 632632 4 46.02 Дост: Pk Вид: Ф N: стар фонд Дата: 01.01.1996 Дата инв: 08.09.2015 Бележки инв: Д2015 Книги
Vip Innovations Ltd, Rousse, Bulgaria 2025